| 000 | 00769nam a2200205 a 4500 | ||
|---|---|---|---|
| 001 | 1281 | ||
| 003 | BR-CuiBMT | ||
| 005 | 20231204154158.0 | ||
| 008 | 230711s1993 ptba 000 0 por d | ||
| 040 |
_aBR-CuiBMT _cBR-CuiBMT |
||
| 080 |
_a351.94:336.148 _x(469) _22007 |
||
| 090 |
_a351.94:336.148(469) _bC116f |
||
| 100 | 1 | _aCabo, Sérgio Gonçalves do | |
| 245 | 1 | 2 |
_aA fiscalização financeira do sector empresarial do estado por tribunais de contas ou instituições equivalentes : _bestudo de direito português e de direito comparado / _cSérgio Gonçalves do Cabo. |
| 260 |
_aLisboa, Portugal : _bTribunal de Contas, _c1993. |
||
| 300 |
_a649 p. : _c21 cm |
||
| 650 |
_aTribunal de contas _zPortugal |
||
| 650 |
_aControle financeiro _zPortugal |
||
| 942 |
_2udc _cLV |
||
| 999 |
_c1281 _d1281 |
||